00374pab a2200133 454500008004000000100001800040245007900058260000900137300001100146362001200157650001600169700002100185773003400206180718b1991 xxu||||| |||| 00| 0 eng d aKrishnaji, N. aPopulation and agricultural growthbA study in inter - regional variations c1991 aA-63-8 a29 Jun. aLand Tenure aSatya Sekhar, P. aEconomic and Political Weekly